Statistics for Countries That Have Walmart

Click here to take the quiz!

General Stats

  • This quiz has been taken 44 times
  • The average score is 14 of 27

Answer Stats

# of WalmartsCountry% Correct
631United Kingdom
100%
5,352United States
100%
408Canada
98%
2,574Mexico
95%
436China
80%
332Japan
75%
110Honduras
63%
258Guatemala
60%
272Costa Rica
58%
92Argentina
55%
28India
55%
102Nicaragua
55%
367Chile
53%
100El Salvador
53%
373South Africa
50%
5Nigeria
35%
11Botswana
33%
5Namibia
30%
4Ghana
28%
3Kenya
28%
6Mozambique
28%
1Tanzania
28%
1Uganda
25%
2Malawi
23%
7Zambia
23%
1Eswatini
18%
3Lesotho
18%

Score Distribution

Percentile by Number Answered

Percent of People with Each Score

Your Score History

You have not taken this quiz